=LDR 00000nam 2200000 4500 =001 INLIS000000000034863 =005 20130612140745 =008 ***********************************ind** =035 ##$$0010-061300000034863 =041 ##$$a ind =082 ##$$a F Rom K =090 ##$$a F Rom k, Kon b =100 ##$$a Kong, Mary Mas =245 ##$$a Barbie lover weddings-Barbie suka pesta pernikahan, Mary man kong =260 ##$$a 2008 $b Jakarta =300 ##$$a 16 hlm, Ilus, 21 cm =650 ##$$a Fiksi Kanak-kanak =850 ##$$a NBPNMAT